Harry and the Wrinklies / (Record no. 8150)

MARC details
000 -LEADER
fixed length control field 01039nam a22002777a 4500
001 - CONTROL NUMBER
control field 8150
003 - CONTROL NUMBER IDENTIFIER
control field FISKH
005 - DATE AND TIME OF LATEST TRANSACTION
control field 20250828161230.0
008 - FIXED-LENGTH DATA ELEMENTS--GENERAL INFORMATION
fixed length control field 250828b cb ||||| |||| 00| 0 eng d
020 ## - INTERNATIONAL STANDARD BOOK NUMBER
International Standard Book Number 9781407109817
040 ## - CATALOGING SOURCE
Original cataloging agency FISKH
Language of cataloging eng
Transcribing agency FISKH
Modifying agency FISKH
050 ## - LIBRARY OF CONGRESS CALL NUMBER
Classification number PZ7
082 ## - DEWEY DECIMAL CLASSIFICATION NUMBER
Classification number 823.914
100 ## - MAIN ENTRY--PERSONAL NAME
Personal name Temperley, Alan
245 ## - TITLE STATEMENT
Title Harry and the Wrinklies /
Statement of responsibility, etc. Alan Temperley
250 ## - EDITION STATEMENT
Edition statement This edition published in 2009
260 ## - PUBLICATION, DISTRIBUTION, ETC.
Place of publication, distribution, etc. London :
Name of publisher, distributor, etc. Scholastic,
Date of publication, distribution, etc. 1997
300 ## - PHYSICAL DESCRIPTION
Extent 274 pages :
Other physical details illustrations ;
Dimensions 20 cm
505 ## - FORMATTED CONTENTS NOTE
Formatted contents note R<br/>
520 ## - SUMMARY, ETC.
Summary, etc. When the orphaned Harry is sent to live with his elderly aunts, he gets the shock of his life. His aunts are far from the dull, frail old ladies he's expecting - Harry discovers he's living with a gang of cat-burglars| Now all he has to do is persuade them to let him join in their daring adventures.
521 8# - TARGET AUDIENCE NOTE
Target audience note 760<br/>
Source Lexile<br/>
521 8# - TARGET AUDIENCE NOTE
Target audience note R<br/>
Source Raz-Plus<br/>
650 ## - SUBJECT ADDED ENTRY--TOPICAL TERM
Topical term or geographic name entry element Adventure
Form subdivision Juvenile Fiction
General subdivision Children's Fiction
942 ## - ADDED ENTRY ELEMENTS (KOHA)
Source of classification or shelving scheme Dewey Decimal Classification
Koha item type Books
Suppress in OPAC No
Holdings
Withdrawn status Lost status Source of classification or shelving scheme Damaged status Not for loan Collection Home library Current library Shelving location Date acquired Total Checkouts Full call number Barcode Date last seen Copy number Price effective from Koha item type
    Dewey Decimal Classification     Juvenile Fiction Footprints International School Library Network Toul Kork Campus Footprints International School Library Network Toul Kork Campus TK Primary Library Room(4th Floor), Bookcase 5&6, Shelves 33-56, Orange Books 08/28/2025   TEM 823.914 PZ7 2025-4311 08/28/2025 1 08/28/2025 Books